| 000 | 00361nam a2200145Ia 4500 | ||
|---|---|---|---|
| 008 | 230312s9999||||xx |||||||||||||| ||und|| | ||
| 020 | _a9781285161761 | ||
| 082 |
_a004 _bVER-D |
||
| 100 | _aSchneider;Gary | ||
| 245 | 0 | _aElectronic Commerce | |
| 260 |
_bCengage Learning _aUSA _c2014 |
||
| 300 | _a556 | ||
| 650 |
_aComputer _vComputer Networking |
||
| 942 | _cBK | ||
| 999 |
_c16874 _d16874 |
||